Power and the professions in Britain 1700-1850. (Record no. 100090)
[ view plain ]
| 000 -LEADER | |
|---|---|
| fixed length control field | 00732cam a2200253 4500 |
| 008 - FIXED-LENGTH DATA ELEMENTS--GENERAL INFORMATION | |
| fixed length control field | 000000n2000 000 0 eng u |
| 020 ## - INTERNATIONAL STANDARD BOOK NUMBER | |
| International Standard Book Number | 0415222656 |
| 035 ## - SYSTEM CONTROL NUMBER | |
| System control number | (Sirsi) u103158 |
| 050 ## - LIBRARY OF CONGRESS CALL NUMBER | |
| Classification number | 331.712 |
| 100 ## - MAIN ENTRY--PERSONAL NAME | |
| Personal name | Corfield, Penelope J. |
| 245 ## - TITLE STATEMENT | |
| Title | Power and the professions in Britain 1700-1850. |
| 260 ## - PUBLICATION, DISTRIBUTION, ETC. | |
| Place of publication, distribution, etc. | London |
| Name of publisher, distributor, etc. | Routledge |
| Date of publication, distribution, etc. | 2000 |
| 300 ## - PHYSICAL DESCRIPTION | |
| Extent | x, 269p. ; 24cm. |
| 350 ## - PRICE (NR) (BK AM CF MU VM SE) [OBSOLETE] | |
| Price | 18.99 |
| 500 ## - GENERAL NOTE | |
| General note | First published in hardback 1995 |
| 520 ## - SUMMARY, ETC. | |
| Summary, etc. | For Surveyors see pages 283-284 |
| 650 ## - SUBJECT ADDED ENTRY--TOPICAL TERM | |
| Topical term or geographic name entry element | PROFESSIONS |
| 650 ## - SUBJECT ADDED ENTRY--TOPICAL TERM | |
| Topical term or geographic name entry element | ASSOCIATIONS |
| 650 ## - SUBJECT ADDED ENTRY--TOPICAL TERM | |
| Topical term or geographic name entry element | INSTITUTIONS |
| 650 ## - SUBJECT ADDED ENTRY--TOPICAL TERM | |
| Topical term or geographic name entry element | HISTORY |
| 650 ## - SUBJECT ADDED ENTRY--TOPICAL TERM | |
| Topical term or geographic name entry element | CAREERS, EDUCATION AND TRAINING |
| 690 ## - LOCAL SUBJECT ADDED ENTRY--TOPICAL TERM (OCLC, RLIN) | |
| Topical term or geographic name as entry element | MANAGEMENT-BUSINESS MANAGEMENT-PROFESSIONAL PRACTICE |
| 942 ## - ADDED ENTRY ELEMENTS (KOHA) | |
| Suppress in OPAC | 0 |
| Withdrawn status | Lost status | Source of classification or shelving scheme | Damaged status | Not for loan | Home library | Current library | Shelving location | Date acquired | Cost, normal purchase price | Total Checkouts | Full call number | Barcode | Date last seen | Date last checked out | Copy number | Cost, replacement price | Price effective from | Koha item type |
|---|---|---|---|---|---|---|---|---|---|---|---|---|---|---|---|---|---|---|
| Dewey Decimal Classification | London | London | Surveying Profession history | 24/04/2001 | 18.00 | 7 | 331.712 COR | 30064095 | 29/11/2023 | 11/04/2006 | 1 | 18.00 | 06/08/2019 | Book |